Producción de conocimientos científicos y problemas sociales en países en desarrollo /
En este trabajo se analizan las posibilidades y limitaciones del conocimiento científico para ser un instrumento de modificación de la realidad social. Para ello, se analiza la forma en que la enfermedad de Chagas formó parte de una política pública de producción de conocimientos a partir de la déca...
Uloženo v:
| Hlavní autor: | |
|---|---|
| Další autoři: | |
| Médium: | Text |
| Témata: | |
| Tagy: |
Přidat tag
Žádné tagy, Buďte první, kdo vytvoří štítek k tomuto záznamu!
|
MARC
| LEADER | 00000 a a2200000 04500 | ||
|---|---|---|---|
| 001 | 10189 | ||
| 003 | |||
| 040 | |||
| 100 | |a Kreimer, Pablo | ||
| 245 | |a Producción de conocimientos científicos y problemas sociales en países en desarrollo / |c Pablo Kreimer ; Juan Zabala | ||
| 520 | |a En este trabajo se analizan las posibilidades y limitaciones del conocimiento científico para ser un instrumento de modificación de la realidad social. Para ello, se analiza la forma en que la enfermedad de Chagas formó parte de una política pública de producción de conocimientos a partir de la década de 1970, teniendo en cuenta la dinámica de producción de conocimientos científicos sobre el tema así como la intervención sobre el problema social | ||
| 650 | |a INVESTIGACION CIENTIFICA | ||
| 650 | |a ENFERMEDADES | ||
| 650 | |a POLITICAS PUBLICAS | ||
| 650 | |a PAISES EN DESARROLLO | ||
| 700 | |a Zabala, Juan | ||
| 773 | |g número 27; páginas 110-122 | ||
| 999 | |c 35189 |d 35189 | ||
